Pays ayant le plus de top modèles dans le monde - Statistiques

Statistiques générales
  • Ce quiz a été pris 217 fois
  • Le résultat moyen est 8 sur 10
Statistiques - réponses
# Pays de top modèles % Correct
1. États Unis
98%
10. France
98%
2. Brésil
87%
3. Russie
87%
7. Allemagne
81%
4. Royaume-Uni
81%
6. Canada
80%
9. Australie
64%
8. Pologne
37%
5. Pays-Bas
36%
Aucun quiz correspondant
Distribution des résultats
% des personnes avec chaque résultat
Percentile par nombre de réponses
Votre historique - résultats
Vous n’avez pas pris ce quiz